Statistics for Solve the Secret Actor

Click here to take the quiz!

General Stats

  • This quiz has been taken 3,357 times
  • The average score is 7 of 21

Answer Stats

ScrambleActor% Correct
IPTTPitt
100%
CENNORYConnery
81%
ABEGLGable
67%
AHKNSHanks
63%
ACINOPPacino
60%
ABDNORBrando
46%
AEEFMNRFreeman
39%
ADLLUVDuvall
32%
ABGORTBogart
29%
EGIKLNSYKingsley
27%
ACEPSYSpacey
27%
EIIOPRTPoitier
20%
ACHILNPChaplin
19%
ADEOOSTWEastwood
17%
EHNOSTHeston
17%
HIKNOPSHopkins
16%
AERSTTWStewart
16%
CHILNNOOSNicholson
12%
EIILORVOlivier
12%
ACDEEHLCheadle
9%
Secret ActorLANCASTER
4%

Score Distribution

Percentile by Number Answered

Percent of People with Each Score

Your Score History

You have not taken this quiz